[Event "Faxe Eftermiddag-B"]
[Site "Faxe"]
[Date "2015.09.23"]
[Round "2"]
[White "Refsgaard, Kaj"]
[Black "Christoffersen, Per"]
[Result "1/2-1/2"]
[WhiteElo "1561"]
[BlackElo "1611"]
[PlyCount "94"]
[EventDate "2015.09.16"]
[EventType "tourn"]
[EventRounds "5"]
[EventCountry "DEN"]
[SourceTitle "EXT 2023"]
[Source "ChessBase"]
[SourceDate "2022.10.05"]
[SourceVersion "1"]
[SourceVersionDate "2022.10.05"]
[SourceQuality "1"]

1. d4 Nf6 2. Bg5 h6 3. Bxf6 exf6 4. e3 d5 5. Nf3 Bg4 6. Nbd2 Bd6 7. c4 c6 8. Qb3 Qb6 9. Qxb6 axb6 10. cxd5 cxd5 11. Bb5+ Nc6 12. 0-0 0-0 13. a3 Rfc8 14. h3 Bf5 15. Rac1 Ne7 16. Nh4 Be6 17. f4 g5 18. Rxc8+ Rxc8 19. f5 gxh4 20. fxe6 Kg7 21. exf7 Kxf7 22. Nb3 Rc2 23. Rf2 Rxf2 24. Kxf2 Ke6 25. Bd3 f5 26. Nc1 Nc6 27. Ne2 Bb8 28. b4 Kf6 29. Bc2 Ke6 30. Bb3 Bc7 31. Nc3 Ne7 32. b5 Bd6 33. a4 Bb4 34. Ne2 Bd6 35. Ba2 Ng8 36. Bb3 Nf6 37. Bc2 Bc7 38. Bb1 Bd6 39. g3 hxg3+ 40. Nxg3 Bxg3+ 41. Kxg3 Ne4+ 42. Bxe4 fxe4 43. Kh4 Kf6 44. Kg4 Kg6 45. h4 h5+ 46. Kh3 Kf5 47. Kg3 Kg6 1/2-1/2

[Event "Faxe Eftermiddag-A"]
[Site "Faxe"]
[Date "2014.10.22"]
[Round "5"]
[White "Petersen, Bent Wester"]
[Black "Christoffersen, Per"]
[Result "1-0"]
[WhiteElo "1805"]
[BlackElo "1603"]
[PlyCount "37"]
[EventDate "2014.09.17"]
[EventType "tourn"]
[EventRounds "5"]
[EventCountry "DEN"]
[SourceTitle "EXT 2023"]
[Source "ChessBase"]
[SourceDate "2022.10.05"]
[SourceVersion "1"]
[SourceVersionDate "2022.10.05"]
[SourceQuality "1"]

1. d4 d5 2. c4 e6 3. Nf3 Nf6 4. Nc3 Nc6 5. Bf4 Be7 6. e3 Nh5 7. Bg3 Nxg3 8. hxg3 b6 9. cxd5 exd5 10. Bb5 Qd6 11. Ne5 Bb7 12. Qa4 0-0 13. Bxc6 Bxc6 14. Qxc6 Qb4 15. Nd3 Qc4 16. Qxc4 dxc4 17. Ne5 c5 18. dxc5 bxc5 19. 0-0 1-0

[Event "Faxe Eftermiddag-B"]
[Site "Faxe"]
[Date "2013.10.09"]
[Round "3"]
[White "Rasmussen, Frede"]
[Black "Christoffersen, Per"]
[Result "0-1"]
[WhiteElo "1474"]
[BlackElo "1628"]
[PlyCount "60"]
[EventDate "2013.09.25"]
[EventType "tourn"]
[EventRounds "5"]
[EventCountry "DEN"]
[SourceTitle "EXT 2023"]
[Source "ChessBase"]
[SourceDate "2022.10.05"]
[SourceVersion "1"]
[SourceVersionDate "2022.10.05"]
[SourceQuality "1"]

1. d4 d5 2. Bf4 Nf6 3. e3 c6 4. Bd3 Qb6 5. Qc1 g6 6. h3 Bg7 7. c3 0-0 8. Nd2 Nbd7 9. b4 Re8 10. Ndf3 Ne4 11. Ne2 e5 12. Bh2 exd4 13. Bxe4 dxe4 14. Nfxd4 c5 15. bxc5 Nxc5 16. 0-0 Be6 17. Qa3 Bf8 18. Rfb1 Qd8 19. Nxe6 Rxe6 20. Rd1 Qf6 21. Qb2 Rb6 22. Qc1 Nd3 23. Rxd3 exd3 24. Nd4 Rc8 25. Qd2 Ba3 26. Nf3 Qxc3 27. Qxc3 Rxc3 28. Be5 Rc1+ 29. Rxc1 Bxc1 30. Kf1 Ra6 0-1

[Event "Faxe EMT"]
[Site "Faxe"]
[Date "2013.05.29"]
[Round "7"]
[White "Andersen, Hans E"]
[Black "Christoffersen, Per"]
[Result "0-1"]
[WhiteElo "1417"]
[BlackElo "1646"]
[PlyCount "26"]
[EventDate "2013.04.03"]
[EventType "swiss"]
[EventRounds "7"]
[EventCountry "DEN"]
[SourceTitle "EXT 2023"]
[Source "ChessBase"]
[SourceDate "2022.10.05"]
[SourceVersion "1"]
[SourceVersionDate "2022.10.05"]
[SourceQuality "1"]

1. e4 e6 2. Nc3 d5 3. exd5 exd5 4. Qe2+ Be7 5. Qe5 Nf6 6. Nb5 Na6 7. Nd4 Ng4 8. Qg3 Bh4 9. Bb5+ Kf8 10. Qa3+ c5 11. g3 Qe7+ 12. Nde2 Nb4 13. Kd1 Nxf2+ 0-1

[Event "Faxe EMT"]
[Site "Faxe"]
[Date "2013.04.10"]
[Round "2"]
[White "Christoffersen, Per"]
[Black "Jensen, Leif"]
[Result "0-1"]
[WhiteElo "1646"]
[BlackElo "1984"]
[PlyCount "98"]
[EventDate "2013.04.03"]
[EventType "swiss"]
[EventRounds "7"]
[EventCountry "DEN"]
[SourceTitle "EXT 2023"]
[Source "ChessBase"]
[SourceDate "2022.10.05"]
[SourceVersion "1"]
[SourceVersionDate "2022.10.05"]
[SourceQuality "1"]

1. d4 d5 2. Nf3 c6 3. e3 Bf5 4. c4 e6 5. Bd3 Bg6 6. Nc3 Nf6 7. 0-0 Nbd7 8. cxd5 exd5 9. Ne5 Bd6 10. f4 Bxd3 11. Qxd3 Qe7 12. Qf5 Nb6 13. b3 Nfd7 14. a4 g6 15. Qd3 f6 16. Nf3 f5 17. Bd2 Nf6 18. Be1 Ne4 19. Ne5 Nd7 20. Nxd7 Qxd7 21. Nxe4 dxe4 22. Qc3 0-0 23. Bh4 Qe6 24. Bg5 Rac8 25. Bh6 Rf7 26. b4 a6 27. Rac1 Qd5 28. Rc2 Rfc7 29. Rfc1 Re8 30. Qc4 Qxc4 31. Rxc4 Rec8 32. a5 Kf7 33. Bg5 Ke6 34. Kf2 Kd5 35. Bf6 Ke6 36. Be5 Bxe5 37. fxe5 Rd7 38. Ke2 Rg8 39. Rf1 Rf7 40. g3 g5 41. Rc5 Rgf8 42. Rcc1 f4 43. exf4 gxf4 44. gxf4 Rxf4 45. Rxf4 Rxf4 46. Rf1 Rh4 47. Ke3 Kd5 48. Rf7 Rh3+ 49. Kf4 Rf3+ 0-1

[Event "Faxe Eftermiddag-A"]
[Site "Faxe"]
[Date "2012.11.07"]
[Round "5"]
[White "Christoffersen, Per"]
[Black "Petersen, Bent Wester"]
[Result "0-1"]
[WhiteElo "1661"]
[BlackElo "1912"]
[PlyCount "42"]
[EventDate "2012.09.26"]
[EventType "tourn"]
[EventRounds "5"]
[EventCountry "DEN"]
[SourceTitle "EXT 2023"]
[Source "ChessBase"]
[SourceDate "2022.10.05"]
[SourceVersion "1"]
[SourceVersionDate "2022.10.05"]
[SourceQuality "1"]

1. d4 Nf6 2. Nf3 e6 3. e3 d5 4. Bd3 c5 5. c3 Nc6 6. 0-0 Bd6 7. Nbd2 0-0 8. dxc5 Bxc5 9. Nb3 Bb6 10. Qc2 Bd7 11. Re1 Rc8 12. e4 Nb4 13. Qb1 Nxd3 14. Qxd3 dxe4 15. Rxe4 Nxe4 16. Qxe4 Bc6 17. Bg5 Bxe4 18. Bxd8 Rfxd8 19. Nfd2 Bc2 20. Re1 Bxb3 21. Nxb3 Rd5 0-1

[Event "Faxe EMT"]
[Site "Faxe"]
[Date "2012.04.18"]
[Round "3"]
[White "Jensen, Leif"]
[Black "Christoffersen, Per"]
[Result "1/2-1/2"]
[WhiteElo "1982"]
[BlackElo "1646"]
[PlyCount "60"]
[EventDate "2012.03.28"]
[EventType "swiss"]
[EventRounds "7"]
[EventCountry "DEN"]
[SourceTitle "EXT 2023"]
[Source "ChessBase"]
[SourceDate "2022.10.05"]
[SourceVersion "1"]
[SourceVersionDate "2022.10.05"]
[SourceQuality "1"]

1. e4 e6 2. d4 d5 3. Nd2 Nf6 4. e5 Nfd7 5. c3 c5 6. f4 Nc6 7. Ndf3 Qb6 8. g3 Be7 9. Kf2 f6 10. Kg2 0-0 11. Bd3 cxd4 12. cxd4 fxe5 13. dxe5 Nc5 14. Bb1 Ne4 15. Qe2 Nd4 16. Nxd4 Qxd4 17. Nf3 Qb4 18. h4 Bd7 19. a3 Bb5 20. axb4 Bxe2 21. Nd4 Bg4 22. b5 Bc5 23. Be3 Bxd4 24. Bxd4 Nd2 25. Kf2 Nb3 26. Ra4 Nxd4 27. Rxd4 Rfc8 28. Bd3 Rc7 29. Ra1 b6 30. Rda4 g6 1/2-1/2

[Event "Faxe EMT"]
[Site "Faxe"]
[Date "2012.03.28"]
[Round "1"]
[White "Christoffersen, Per"]
[Black "Nielsen, Flemming"]
[Result "1-0"]
[WhiteElo "1646"]
[BlackElo "1399"]
[PlyCount "59"]
[EventDate "2012.03.28"]
[EventType "swiss"]
[EventRounds "7"]
[EventCountry "DEN"]
[SourceTitle "EXT 2023"]
[Source "ChessBase"]
[SourceDate "2022.10.05"]
[SourceVersion "1"]
[SourceVersionDate "2022.10.05"]
[SourceQuality "1"]

1. d4 d5 2. Nf3 Nf6 3. e3 a6 4. Bd3 e6 5. 0-0 Bd6 6. Nbd2 Nc6 7. c3 b5 8. e4 dxe4 9. Nxe4 Be7 10. Nxf6+ Bxf6 11. Be4 Bb7 12. Re1 0-0 13. Qc2 g6 14. Bh6 Re8 15. Rad1 Na5 16. Bxb7 Nxb7 17. Ne5 Qd5 18. Ng4 Bh8 19. Bf4 Qh5 20. Ne5 Qf5 21. Qc1 Bxe5 22. Rxe5 Qf6 23. Bg5 Qh8 24. Qf4 f5 25. Rde1 Kf7 26. Qf3 Nd6 27. Qc6 Rac8 28. Qd7+ Kg8 29. Rxe6 Rxe6 30. Qxe6+ 1-0

[Event "Faxe EMT"]
[Site "Faxe"]
[Date "2011.05.18"]
[Round "7"]
[White "Eckert, Svend"]
[Black "Christoffersen, Per"]
[Result "1/2-1/2"]
[WhiteElo "1622"]
[BlackElo "1549"]
[PlyCount "110"]
[EventDate "2011.04.11"]
[EventType "swiss"]
[EventRounds "7"]
[EventCountry "DEN"]
[SourceTitle "EXT 2023"]
[Source "ChessBase"]
[SourceDate "2022.10.05"]
[SourceVersion "1"]
[SourceVersionDate "2022.10.05"]
[SourceQuality "1"]

1. c4 Nf6 2. d4 g6 3. Nc3 d5 4. e3 e6 5. a3 Bg7 6. Nf3 0-0 7. Bd3 c6 8. 0-0 Nbd7 9. c5 b6 10. b4 a5 11. Bb2 bxc5 12. bxc5 Ba6 13. Bxa6 Rxa6 14. Qd3 Ra7 15. Rab1 Qc7 16. Ba1 e5 17. Nxe5 Nxe5 18. dxe5 Nd7 19. f4 Nxc5 20. Qd4 Ne6 21. Qa4 Nc5 22. Qc2 Ne6 23. Rfc1 Rc8 24. Na4 c5 25. Rb5 Bf8 26. Nb6 Rd8 27. Qd2 Qc6 28. a4 c4 29. Nxd5 Nc7 30. e4 Nxb5 31. axb5 Qe6 32. Rxc4 Bb4 33. Qc2 Rxd5 34. exd5 Qxd5 35. Rc8+ Bf8 36. Qc3 Rd7 37. h3 Qe4 38. Rc4 Qb1+ 39. Kh2 Rd3 40. Qxa5 Rd5 41. e6 fxe6 42. Qc3 e5 43. fxe5 h5 44. Rc8 Qe4 45. Qf3 Qxf3 46. gxf3 Rxb5 47. f4 Rb1 48. Bd4 Rb4 49. Bc5 Rxf4 50. e6 Rc4 51. Rxf8+ Kg7 52. Rf7+ Kg8 53. Be7 Rc7 54. Rf8+ Kg7 55. Rf7+ Kg8 1/2-1/2

[Event "Faxe Eftermiddag-B"]
[Site "Faxe"]
[Date "2010.09.24"]
[Round "3"]
[White "Larsen, Paul M"]
[Black "Christoffersen, Per"]
[Result "0-1"]
[WhiteElo "1513"]
[BlackElo "1572"]
[PlyCount "104"]
[EventDate "2010.09.22"]
[EventType "tourn"]
[EventRounds "5"]
[EventCountry "DEN"]
[SourceTitle "EXT 2023"]
[Source "ChessBase"]
[SourceDate "2022.10.05"]
[SourceVersion "1"]
[SourceVersionDate "2022.10.05"]
[SourceQuality "1"]

1. d4 d5 2. Nf3 Nf6 3. e3 Bg4 4. c4 c6 5. Nc3 a6 6. Bd3 b5 7. cxb5 axb5 8. b4 Nbd7 9. a3 e5 10. Be2 Bxb4 11. Bb2 Bd6 12. dxe5 Bxf3 13. Bxf3 Nxe5 14. Be2 0-0 15. 0-0 Qc7 16. h3 Nc4 17. Bxc4 dxc4 18. Qc2 Rfe8 19. Rfd1 Rad8 20. Kh1 Qe7 21. Ne2 Bc5 22. Nd4 Bxd4 23. Bxd4 Nd5 24. Rdb1 Qe4 25. Qxe4 Rxe4 26. Rd1 Rde8 27. Bc5 f6 28. Kg1 R8e6 29. f3 R4e5 30. e4 Nc3 31. Rd8+ Kf7 32. Bb4 Ne2+ 33. Kf2 Nf4 34. Bd6 Nd3+ 35. Ke3 Rd5 36. Rf8+ Kg6 37. Bg3 Rg5 38. Bc7 Rxg2 39. a4 Re7 40. Bb6 Ne5 41. Bc5 Rd7 42. Bd4 Rg3 43. Bxe5 fxe5 44. a5 Rd3+ 45. Kf2 Rxh3 46. Kg2 Rh5 47. a6 Rg5+ 48. Kf2 Rd2+ 49. Kf1 Rh5 50. Kg1 Rdh2 51. a7 Rh1+ 52. Kf2 Rxa1 0-1

[Event "Faxe EMT"]
[Site "Faxe"]
[Date "2010.04.21"]
[Round "5"]
[White "Christoffersen, Per"]
[Black "Eckert, Svend"]
[Result "1-0"]
[WhiteElo "1477"]
[BlackElo "1510"]
[PlyCount "90"]
[EventDate "2010.03.17"]
[EventType "swiss"]
[EventRounds "7"]
[EventCountry "DEN"]
[SourceTitle "EXT 2023"]
[Source "ChessBase"]
[SourceDate "2022.10.05"]
[SourceVersion "1"]
[SourceVersionDate "2022.10.05"]
[SourceQuality "1"]

1. d4 Nf6 2. Nf3 e6 3. e3 Be7 4. Bd3 0-0 5. 0-0 c5 6. b3 a6 7. Bb2 Nc6 8. a3 b5 9. Nbd2 d5 10. c4 b4 11. Ne5 Nxe5 12. dxe5 Nd7 13. axb4 cxb4 14. cxd5 exd5 15. Qc2 h6 16. Qc6 Nb6 17. Bd4 Rb8 18. Bxa6 Bd7 19. Qc2 Be6 20. Rfc1 Qd7 21. Nf1 Rfd8 22. Ng3 Qe8 23. Qe2 g6 24. Qb2 Kh7 25. Ne2 Bc8 26. Bd3 Be6 27. Nf4 Bf8 28. Qb1 Nc8 29. Nh5 Bg7 30. Ra6 Ne7 31. Nf4 Bf5 32. Bxf5 Nxf5 33. Qb2 Rb7 34. Rcc6 Re7 35. Nd3 Re6 36. Rxe6 fxe6 37. Nc5 Nxd4 38. exd4 Qb5 39. Nxe6 Qxa6 40. Nxd8 Qc8 41. Nf7 Qc3 42. Qb1 Qxd4 43. Qc1 Qc3 44. Qd1 d4 45. e6 Bf6 1-0

[Event "Faxe EMT"]
[Site "Faxe"]
[Date "2009.03.25"]
[Round "2"]
[White "Nielsen, Poul Erik2222"]
[Black "Christoffersen, Per"]
[Result "0-1"]
[WhiteElo "1291"]
[BlackElo "1530"]
[PlyCount "82"]
[EventDate "2009.03.18"]
[EventType "swiss"]
[EventRounds "7"]
[EventCountry "DEN"]
[SourceTitle "EXT 2023"]
[Source "ChessBase"]
[SourceDate "2022.10.05"]
[SourceVersion "1"]
[SourceVersionDate "2022.10.05"]
[SourceQuality "1"]

1. Nf3 d5 2. d4 Nf6 3. c4 c6 4. Nc3 dxc4 5. e4 b5 6. e5 Nd5 7. Be2 Bf5 8. a3 Nd7 9. Nh4 Bg6 10. Nxg6 hxg6 11. Bf3 e6 12. Ne4 Be7 13. 0-0 N7b6 14. Re1 Qc8 15. Bg5 0-0 16. Bxe7 Nxe7 17. Nd6 Qa6 18. Bg4 Nf5 19. Ne4 Rad8 20. Bxf5 gxf5 21. Nd6 Nc8 22. Nxc8 Qxc8 23. Re3 g6 24. Rh3 c5 25. Rh4 Rxd4 26. Rxd4 cxd4 27. Qxd4 Qc7 28. Rd1 Rc8 29. h4 Qe7 30. Rc1 Rd8 31. Qf4 Rd5 32. Rc3 Rd3 33. g3 Rxc3 34. bxc3 Qxa3 35. Qd4 Qe7 36. Kg2 Qb7+ 37. Kf1 Qc7 38. f4 a5 39. Qd1 a4 40. Qb1 Qc6 41. Qb4 Qf3+ 0-1

[Event "Faxe EMT"]
[Site "Faxe"]
[Date "2009.03.18"]
[Round "1"]
[White "Christoffersen, Per"]
[Black "Andersen, Hans Poul"]
[Result "1-0"]
[WhiteElo "1530"]
[BlackElo "1269"]
[PlyCount "87"]
[EventDate "2009.03.18"]
[EventType "swiss"]
[EventRounds "7"]
[EventCountry "DEN"]
[SourceTitle "EXT 2023"]
[Source "ChessBase"]
[SourceDate "2022.10.05"]
[SourceVersion "1"]
[SourceVersionDate "2022.10.05"]
[SourceQuality "1"]

1. d4 e6 2. c4 Be7 3. e4 d6 4. Nc3 Bd7 5. Nf3 h6 6. Be2 c5 7. 0-0 cxd4 8. Nxd4 e5 9. Ndb5 Bc6 10. Nd5 Bxb5 11. cxb5 Nf6 12. f3 0-0 13. Be3 Nbd7 14. Rc1 b6 15. Nb4 Nc5 16. Nc6 Qe8 17. Bc4 Ne6 18. Qb3 Nd8 19. Rfd1 Nxc6 20. bxc6 Rc8 21. Bd5 Rc7 22. Rd2 Qd8 23. a4 Qb8 24. Rcd1 Nxd5 25. Qxd5 Qc8 26. Rc1 Qe6 27. b4 Qxd5 28. Rxd5 f5 29. b5 f4 30. Bf2 Rfc8 31. g3 g5 32. gxf4 gxf4 33. Kg2 Kf7 34. Kh3 Rg8 35. Rg1 Rxg1 36. Bxg1 Ke6 37. Bf2 Bf8 38. Rd1 h5 39. Bh4 Rc8 40. Rg1 Kf7 41. Rg5 Be7 42. Rf5+ Ke6 43. Bxe7 Kxe7 44. Kh4 1-0

[Event "Faxe EMT"]
[Site "Faxe"]
[Date "2008.05.07"]
[Round "6"]
[White "Christoffersen, Per"]
[Black "Lindskov, Villy"]
[Result "1/2-1/2"]
[WhiteElo "1518"]
[BlackElo "1868"]
[PlyCount "57"]
[EventDate "2008.03.26"]
[EventType "swiss"]
[EventRounds "7"]
[EventCountry "DEN"]
[SourceTitle "EXT 2023"]
[Source "ChessBase"]
[SourceDate "2022.10.05"]
[SourceVersion "1"]
[SourceVersionDate "2022.10.05"]
[SourceQuality "1"]

1. d4 Nf6 2. Nf3 e6 3. e3 c5 4. b3 d5 5. Bd3 Nc6 6. Bb2 cxd4 7. exd4 Bd6 8. Ne5 0-0 9. 0-0 Nb4 10. f4 Nxd3 11. Qxd3 Ne4 12. Qd1 f6 13. Nd3 b6 14. Nd2 f5 15. Rf3 Bd7 16. Rh3 Be8 17. Nf3 Rf6 18. Nfe5 Rh6 19. Rxh6 gxh6 20. Qe2 Rc8 21. c4 Rc7 22. cxd5 exd5 23. Rc1 Rxc1+ 24. Nxc1 Qc7 25. Qd3 Kg7 26. Ne2 Bd7 27. Nc3 Nxc3 28. Qg3+ Kf8 29. Qxc3 1/2-1/2

[Event "Faxe EMT"]
[Site "Faxe"]
[Date "2008.05.05"]
[Round "5"]
[White "Andersen, Bjarne Hjorth"]
[Black "Christoffersen, Per"]
[Result "1-0"]
[WhiteElo "1846"]
[BlackElo "1518"]
[PlyCount "109"]
[EventDate "2008.03.26"]
[EventType "swiss"]
[EventRounds "7"]
[EventCountry "DEN"]
[SourceTitle "EXT 2023"]
[Source "ChessBase"]
[SourceDate "2022.10.05"]
[SourceVersion "1"]
[SourceVersionDate "2022.10.05"]
[SourceQuality "1"]

1. e4 e6 2. d4 d5 3. Nd2 c5 4. exd5 Qxd5 5. Ngf3 cxd4 6. Bc4 Qd6 7. 0-0 Nf6 8. Nb3 Nc6 9. Nbxd4 Nxd4 10. Nxd4 Be7 11. c3 0-0 12. Qf3 Qb6 13. Bf4 Bd7 14. Rfe1 Rac8 15. Qe2 Qc5 16. Bb3 Rfe8 17. Rad1 Nd5 18. Bg3 Bf6 19. Qh5 Nb6 20. Qf3 Bc6 21. Nxc6 Qxc6 22. Qg4 Rcd8 23. h4 Rxd1 24. Rxd1 Rd8 25. Rxd8+ Bxd8 26. Be5 g6 27. h5 Qc5 28. Bb8 Nd7 29. hxg6 hxg6 30. Bxe6 Nf8 31. Bb3 Bb6 32. Qf3 Qe7 33. Kf1 Ne6 34. Be5 Nc5 35. Bf6 Qe4 36. Qxe4 Nxe4 37. Bd4 Bxd4 38. cxd4 Nd2+ 39. Ke2 Nxb3 40. axb3 Kf8 41. Kd3 Ke7 42. Kc4 Kd6 43. b4 Kc6 44. b5+ Kd6 45. f4 b6 46. g4 Ke6 47. g5 Kd6 48. d5 Ke7 49. Kd4 f6 50. gxf6+ Kxf6 51. Ke4 Kf7 52. Ke5 Ke7 53. d6+ Kf7 54. Kd5 Ke8 55. Kc6 1-0

[Event "Faxe EMT"]
[Site "Faxe"]
[Date "2008.04.02"]
[Round "2"]
[White "Christoffersen, Per"]
[Black "Sorensen, Soren"]
[Result "0-1"]
[WhiteElo "1518"]
[BlackElo "1866"]
[PlyCount "76"]
[EventDate "2008.03.26"]
[EventType "swiss"]
[EventRounds "7"]
[EventCountry "DEN"]
[SourceTitle "EXT 2023"]
[Source "ChessBase"]
[SourceDate "2022.10.05"]
[SourceVersion "1"]
[SourceVersionDate "2022.10.05"]
[SourceQuality "1"]

1. d4 b6 2. Nf3 Bb7 3. c4 Nf6 4. Nc3 g6 5. Qc2 Bg7 6. e4 d6 7. Be2 0-0 8. 0-0 Nc6 9. a3 h6 10. Be3 Qd7 11. Rad1 Kh7 12. h3 Rae8 13. Nd2 e5 14. dxe5 Nxe5 15. f4 Nc6 16. Bf3 Ng8 17. Nb3 Qc8 18. Bg4 f5 19. exf5 gxf5 20. Nd5 Nge7 21. Nxe7 Rxe7 22. Bf2 Kg8 23. Bf3 Nd8 24. Bxb7 Nxb7 25. Bd4 Nc5 26. Bxg7 Rxg7 27. Nxc5 bxc5 28. Qd3 Qe8 29. Qd5+ Kh8 30. Rde1 Qh5 31. Kh2 Rfg8 32. Rf2 Qh4 33. Ree2 Qg3+ 34. Kh1 Qg6 35. Re6 Qh5 36. Ree2 Rg3 37. Qc6 Rxh3+ 38. gxh3 Qxh3+ 0-1

[Event "Faxe EMT"]
[Site "Faxe"]
[Date "2007.03.28"]
[Round "2"]
[White "Sorensen, Soren"]
[Black "Christoffersen, Per"]
[Result "1-0"]
[WhiteElo "1763"]
[BlackElo "1495"]
[PlyCount "111"]
[EventDate "2007.03.21"]
[EventType "swiss"]
[EventRounds "7"]
[EventCountry "DEN"]
[SourceTitle "EXT 2023"]
[Source "ChessBase"]
[SourceDate "2022.10.05"]
[SourceVersion "1"]
[SourceVersionDate "2022.10.05"]
[SourceQuality "1"]

1. e4 e6 2. Be2 d5 3. exd5 exd5 4. Nf3 Bd6 5. 0-0 Ne7 6. Nc3 c6 7. d4 0-0 8. Re1 Qc7 9. h3 Nd7 10. Bd3 h6 11. Be3 Nf6 12. Qd2 Nf5 13. Re2 Nxe3 14. fxe3 Be6 15. e4 Bf4 16. Qd1 dxe4 17. Nxe4 Nxe4 18. Bxe4 Bc4 19. Bd3 Bd5 20. Qf1 Qb6 21. c3 Qc7 22. Ne5 Bxe5 23. Rxe5 f6 24. Rxd5 cxd5 25. Qf5 Qg3 26. Qxd5+ Kh8 27. Qe4 f5 28. Qf3 Qxf3 29. gxf3 Rae8 30. Kf2 f4 31. Be4 b6 32. c4 g5 33. b4 h5 34. c5 g4 35. hxg4 hxg4 36. c6 g3+ 37. Kg2 Rf6 38. Rh1+ Kg8 39. d5 Re7 40. a4 a5 41. bxa5 bxa5 42. Rb1 Rh6 43. Rh1 Rf6 44. Rh7 Re8 45. Rd7 Rh6 46. c7 Rc8 47. d6 Kf8 48. Bb7 Rh2+ 49. Kg1 Rb2 50. Ba6 Ke8 51. Rh7 Rb1+ 52. Bf1 Rd1 53. Re7+ Kf8 54. d7 Rxc7 55. Re8+ Kf7 56. d8Q 1-0

[Event "Ostsjaellands op"]
[Site "Faxe"]
[Date "2006.04.11"]
[Round "5"]
[White "Christoffersen, Per"]
[Black "Andersen, Hans Poul"]
[Result "1-0"]
[WhiteElo "1511"]
[BlackElo "1419"]
[PlyCount "93"]
[EventDate "2006.03.15"]
[EventType "swiss"]
[EventRounds "7"]
[EventCountry "DEN"]
[SourceTitle "EXT 2023"]
[Source "ChessBase"]
[SourceDate "2022.10.05"]
[SourceVersion "1"]
[SourceVersionDate "2022.10.05"]
[SourceQuality "1"]

1. d4 d5 2. Nf3 Nc6 3. Bf4 e6 4. e3 a6 5. Bd3 h6 6. 0-0 Nf6 7. c3 Bd6 8. Bg3 Bxg3 9. fxg3 0-0 10. Nbd2 Bd7 11. e4 dxe4 12. Nxe4 Nd5 13. Qd2 f5 14. Nc5 Bc8 15. Rae1 Rf6 16. Ne5 Nxe5 17. Rxe5 b6 18. Nb3 Qf8 19. c4 Ne7 20. Qf4 Ng6 21. Qf3 Bd7 22. Ree1 c6 23. c5 b5 24. Na5 Qc8 25. Bc2 Ne7 26. Qd3 Nd5 27. a3 Rb8 28. b4 Qf8 29. Nb3 Qf7 30. Nd2 Qg6 31. Nf3 Qh7 32. Ne5 Rd8 33. g4 g6 34. gxf5 exf5 35. Qg3 Kh8 36. Bb3 Be8 37. Qh4 g5 38. Qf2 Bg6 39. Bxd5 Rxd5 40. Qf3 Qg8 41. Ng4 Bh5 42. Nxf6 Bxf3 43. Nxg8 Be4 44. Nf6 Rxd4 45. Nxe4 fxe4 46. Rf6 Kg7 47. Rxc6 1-0

[Event "Ostsjaellands op"]
[Site "Faxe"]
[Date "2006.03.22"]
[Round "2"]
[White "Sorensen, Soren"]
[Black "Christoffersen, Per"]
[Result "1-0"]
[WhiteElo "1736"]
[BlackElo "1511"]
[PlyCount "47"]
[EventDate "2006.03.15"]
[EventType "swiss"]
[EventRounds "7"]
[EventCountry "DEN"]
[SourceTitle "EXT 2023"]
[Source "ChessBase"]
[SourceDate "2022.10.05"]
[SourceVersion "1"]
[SourceVersionDate "2022.10.05"]
[SourceQuality "1"]

1. e4 e6 2. d4 d5 3. e5 c5 4. c3 Nc6 5. Bb5 Bd7 6. Bxc6 Bxc6 7. Ne2 Ne7 8. 0-0 cxd4 9. cxd4 Nf5 10. Bd2 Qb6 11. Bc3 Be7 12. a4 a5 13. Na3 0-0 14. Nc2 Qb3 15. Qd2 Bxa4 16. Ne3 Nxe3 17. fxe3 Bb4 18. Rf3 Bb5 19. Nf4 Bxc3 20. bxc3 a4 21. Nh5 g6 22. e4 Kh8 23. Qh6 Rg8 24. Rxf7 1-0

[Event "Ostsjaellands op"]
[Site "Faxe"]
[Date "2006.03.15"]
[Round "1"]
[White "Christoffersen, Per"]
[Black "Eriksen, Knud"]
[Result "0-1"]
[WhiteElo "1511"]
[BlackElo "1142"]
[PlyCount "72"]
[EventDate "2006.03.15"]
[EventType "swiss"]
[EventRounds "7"]
[EventCountry "DEN"]
[SourceTitle "EXT 2023"]
[Source "ChessBase"]
[SourceDate "2022.10.05"]
[SourceVersion "1"]
[SourceVersionDate "2022.10.05"]
[SourceQuality "1"]

1. d4 Nf6 2. Nf3 d5 3. Bf4 Bf5 4. e3 e6 5. Bd3 Bxd3 6. Qxd3 Bd6 7. Bg3 Nc6 8. Nbd2 Qe7 9. 0-0 0-0 10. Ne5 Qe8 11. f4 Nd7 12. Qb5 Nb6 13. c3 a6 14. Qe2 f6 15. Nxc6 Qxc6 16. Rf3 f5 17. Bf2 Qe8 18. Rh3 Nd7 19. Bh4 c5 20. Qf3 Nf6 21. Bxf6 Rxf6 22. Nf1 c4 23. Ng3 Rg6 24. Qh5 h6 25. Ne2 b5 26. Rg3 Rxg3 27. Qxe8+ Rxe8 28. Nxg3 g6 29. Kf2 Kg7 30. Ne2 a5 31. a3 Kf6 32. b4 cxb3 33. a4 bxa4 34. c4 b2 35. Rb1 a3 36. Nc3 dxc4 0-1

[Event "Faxe EMT"]
[Site "Faxe"]
[Date "2005.05.18"]
[Round "7"]
[White "Christoffersen, Per"]
[Black "Jensen, Herman"]
[Result "1/2-1/2"]
[WhiteElo "1495"]
[BlackElo "1650"]
[PlyCount "47"]
[EventDate "2005.03.30"]
[EventType "swiss"]
[EventRounds "7"]
[EventCountry "DEN"]
[SourceTitle "EXT 2023"]
[Source "ChessBase"]
[SourceDate "2022.10.05"]
[SourceVersion "1"]
[SourceVersionDate "2022.10.05"]
[SourceQuality "1"]

1. d4 Nf6 2. Nf3 g6 3. c4 Bg7 4. Nc3 d6 5. e4 0-0 6. Be2 Nbd7 7. 0-0 Re8 8. Qc2 e5 9. d5 a5 10. Be3 Ng4 11. Bg5 f6 12. Bh4 Nc5 13. h3 Nh6 14. Nd2 Bd7 15. f3 Qc8 16. Kh2 f5 17. Bf2 b6 18. Nb5 Bf6 19. a4 Kg7 20. Nb3 Na6 21. Qd2 Qd8 22. Be3 f4 23. Bf2 Bg5 24. Qd1 1/2-1/2